[Event "Santiago de Compostela Bicapawn GP Rap"]
[Site "Santiago de Compostela"]
[Date "2022.10.22"]
[Round "1"]
[White "Pousada Estevez, Daniel"]
[Black "Strikovic, Aleksa"]
[Result "0-1"]
[WhiteElo "1592"]
[BlackElo "2484"]
[PlyCount "60"]
[EventDate "2022.10.22"]
[EventType "swiss (rapid)"]
[EventRounds "9"]
[EventCountry "ESP"]
[SourceTitle "CBM 210 Extra"]
[Source "ChessBase"]
[SourceDate "2022.11.30"]
[SourceVersion "1"]
[SourceVersionDate "2022.11.30"]
[SourceQuality "1"]

1. d4 d6 2. Bf4 g6 3. e3 Bg7 4. Nf3 Nd7 5. Be2 e5 6. Bg3 Nh6 7. c3 Nf5 8. 0-0 h5 9. h3 Nxg3 10. fxg3 0-0 11. h4 Bh6 12. Qd2 exd4 13. Nxd4 Qe7 14. Rf3 Ne5 15. Nc2 Nxf3+ 16. gxf3 d5 17. Nba3 c6 18. Re1 Bf5 19. Bd3 Bxd3 20. Qxd3 Rfe8 21. Kf2 Rad8 22. Nd4 c5 23. Ndc2 a6 24. e4 dxe4 25. Qxe4 Rd2+ 26. Kf1 Qxe4 27. Rxe4 Rxe4 28. fxe4 b5 29. Ne1 Rxb2 30. Nac2 Rxa2 0-1